| 000 | 00656nam a2200277Ia 4500 | ||
|---|---|---|---|
| 008 | 210210b2010 xxu||||| |||| 00| 0 eng d | ||
| 020 | _a8131603709 | ||
| 041 | _aeng | ||
| 082 | _a361.614 BARG | ||
| 100 | _aBARIK (Bishnu) | ||
| 245 | _aGender and human rights: narratives on macro micro realities | ||
| 260 |
_aJaipur _bRawat Publications _c2010 |
||
| 300 | _axii,218 | ||
| 650 | _arights: | ||
| 650 | _arealities | ||
| 650 | _aon | ||
| 650 | _anarratives | ||
| 650 | _amicro | ||
| 650 | _amacro | ||
| 650 | _ahuman | ||
| 650 | _aGender | ||
| 650 | _aand | ||
| 690 | _aHuman Rights | ||
| 700 | _aKUMAR (Pushpesh) | ||
| 906 | _a066549 | ||
| 999 |
_c147908 _d147908 |
||